Normal view
MARC view
- Fiore, Clifford,
Entry Personal Name
001 - CONTROL NUMBER
- control field: 86141
003 - CONTROL NUMBER IDENTIFIER
- control field: NUST
005 - DATE AND TIME OF LATEST TRANSACTION
- control field: 20211209102802.0
008 - FIXED-LENGTH DATA ELEMENTS
- fixed length control field: 211209|| aca||aabn | a|a d
040 ## - CATALOGING SOURCE
- Original cataloging agency: NUST
- Transcribing agency: NUST
100 ## - HEADING--PERSONAL NAME
- Personal name: Fiore, Clifford,
- Dates associated with a name: 1960-
670 ## - SOURCE DATA FOUND
- Source citation: Work cat.: (NUST)31570: Fiore, Clifford, 1960-, Accelerated Product Development :, c2005.
